[Event "T-Director's Swiss sytem"]
[Site "playchess.com #662980"]
[Date "2014.03.16"]
[Round "8"]
[White "Nbm02"]
[Black "Grunfelder"]
[Result "1-0"]
[WhiteElo "1518"]
[BlackElo "1331"]
[PlyCount "123"]
[EventDate "2014.03.16"]
[EventType "swiss (blitz)"]

1. d4 {[%emt 0:00:03]} Nf6 {[%emt 0:00:01]} 2. Nf3 {[%emt 0:00:01]} g6 {[%emt
0:00:01]} 3. c4 {[%emt 0:00:03]} d5 {[%emt 0:00:01]} 4. Nc3 {[%emt 0:00:04]}
Bg7 {[%emt 0:00:01]} 5. e3 {[%emt 0:00:02]} O-O {[%emt 0:00:02]} 6. Bd3 {[%emt
0:00:02]} c5 {[%emt 0:00:10]} 7. O-O {[%emt 0:00:03]} Nc6 {[%emt 0:00:04]} 8.
a3 {[%emt 0:00:09]} cxd4 {[%emt 0:00:04]} 9. exd4 {[%emt 0:00:04]} dxc4 {[%emt
0:00:08]} 10. Bxc4 {[%emt 0:00:02]} a6 {[%emt 0:00:01]} 11. h3 {[%emt 0:00:05]}
Bf5 {[%emt 0:00:05]} 12. d5 {[%emt 0:00:10]} Na5 {[%emt 0:00:23]} 13. Ba2 {
[%emt 0:00:02]} b5 {[%emt 0:00:01]} 14. b4 {[%emt 0:00:11]} Nc4 {[%emt 0:00:12]
} 15. Bxc4 {[%emt 0:00:03]} bxc4 {[%emt 0:00:01]} 16. Bb2 {[%emt 0:00:15]} Bd3
{[%emt 0:00:02]} 17. Re1 {[%emt 0:00:06]} Re8 {[%emt 0:00:13]} 18. Ne5 {[%emt
0:00:05]} Nxd5 {[%emt 0:00:09]} 19. Nc6 {[%emt 0:00:40]} Nxc3 {[%emt 0:00:09]}
20. Bxc3 {[%emt 0:00:07]} Qd7 {[%emt 0:00:40]} 21. Ne5 {[%emt 0:00:09]} Qd5 {
[%emt 0:00:10]} 22. Rc1 {[%emt 0:00:32]} a5 {[%emt 0:00:24]} 23. Nxd3 {[%emt 0:
00:49]} Bxc3 {[%emt 0:00:20]} 24. Rxc3 {[%emt 0:00:06]} cxd3 {[%emt 0:00:01]}
25. Rxd3 {[%emt 0:00:03]} Qb5 {[%emt 0:00:01]} 26. Rd5 {[%emt 0:00:14]} Qb8 {
[%emt 0:00:02]} 27. bxa5 {[%emt 0:00:09]} e6 {[%emt 0:00:02]} 28. Rc5 {[%emt 0:
00:09]} Qa7 {[%emt 0:00:06]} 29. Qc1 {[%emt 0:00:13]} Qa6 {[%emt 0:00:12]} 30.
Qc3 {[%emt 0:00:08]} Rab8 {[%emt 0:00:05]} 31. Rd1 {[%emt 0:00:07]} Rb5 {[%emt
0:00:03]} 32. Rxb5 {[%emt 0:00:16]} Qxb5 {[%emt 0:00:01]} 33. Qb4 {[%emt 0:00:
04]} Qa6 {[%emt 0:00:03]} 34. Qb6 {[%emt 0:00:04]} Qe2 {[%emt 0:00:14]} 35. Rb1
{[%emt 0:00:05]} Ra8 {[%emt 0:00:09]} 36. Rb5 {[%emt 0:00:12]} Qd3 {[%emt 0:00:
13]} 37. a6 {[%emt 0:00:05]} Qxa3 {[%emt 0:00:04]} 38. Ra5 {[%emt 0:00:04]}
Qc1+ {[%emt 0:00:15]} 39. Kh2 {[%emt 0:00:02]} Qf4+ {[%emt 0:00:01]} 40. g3 {
[%emt 0:00:04]} Qb8 {[%emt 0:00:22]} 41. Qxb8+ {[%emt 0:00:10]} Rxb8 {[%emt 0:
00:01]} 42. Kg2 {[%emt 0:00:05]} Kg7 {[%emt 0:00:01]} 43. Kf3 {[%emt 0:00:02]}
Kf6 {[%emt 0:00:02]} 44. Ke4 {[%emt 0:00:02]} Ke7 {[%emt 0:00:01]} 45. Kd4 {
[%emt 0:00:02]} Kd6 {[%emt 0:00:02]} 46. a7 {[%emt 0:00:05]} Ra8 {[%emt 0:00:
01]} 47. Ra6+ {[%emt 0:00:03]} Kc7 {[%emt 0:00:02]} 48. Ke5 {[%emt 0:00:01]}
Kb7 {[%emt 0:00:04]} 49. Rd6 {[%emt 0:00:03]} Rxa7 {[%emt 0:00:02]} 50. Rd7+ {
[%emt 0:00:07]} Kb8 {[%emt 0:00:01]} 51. Rxa7 {[%emt 0:00:03]} Kxa7 {[%emt 0:
00:01]} 52. Kf6 {[%emt 0:00:02]} Kb6 {[%emt 0:00:06]} 53. Kxf7 {[%emt 0:00:03]}
Kc6 {[%emt 0:00:01]} 54. Kxe6 {[%emt 0:00:01]} Kc7 {[%emt 0:00:03]} 55. Kf7 {
[%emt 0:00:01]} Kd6 {[%emt 0:00:01]} 56. Kg7 {[%emt 0:00:01]} Ke6 {[%emt 0:00:
01]} 57. Kxh7 {[%emt 0:00:01]} Kf6 {[%emt 0:00:01]} 58. f4 {[%emt 0:00:01]} Kf5
{[%emt 0:00:01]} 59. g4+ {[%emt 0:00:02]} Kf6 {[%emt 0:00:25] '} 60. h4 {[%emt
0:00:03]} Kf7 {[%emt 0:00:03]} 61. g5 {[%emt 0:00:01]} Ke6 {[%emt 0:00:03]} 62.
Kxg6 {[%emt 0:00:01] Grunfelder abandonne} 1-0

[Event "T-Director's Swiss sytem"]
[Site "playchess.com #662980"]
[Date "2014.03.16"]
[Round "3"]
[White "Nbm02"]
[Black "Kokkinoskoufitsa"]
[Result "0-1"]
[WhiteElo "1678"]
[BlackElo "2124"]
[PlyCount "72"]
[EventDate "2014.03.16"]
[EventType "swiss (blitz)"]

1. d4 {[%emt 0:00:03]} Nf6 {[%emt 0:00:10]} 2. Nf3 {[%emt 0:00:02]} g6 {[%emt
0:00:02]} 3. c4 {[%emt 0:00:02]} Bg7 {[%emt 0:00:01]} 4. Nc3 {[%emt 0:00:01]}
O-O {[%emt 0:00:00]} 5. e4 {[%emt 0:00:02]} d6 {[%emt 0:00:01]} 6. Be2 {[%emt
0:00:05]} e5 {[%emt 0:00:01]} 7. d5 {[%emt 0:00:02]} a5 {[%emt 0:00:02]} 8. Bd2
{[%emt 0:00:08]} Na6 {[%emt 0:00:03]} 9. a3 {[%emt 0:00:05]} Nc5 {[%emt 0:00:
02]} 10. Qc2 {[%emt 0:00:03]} a4 {[%emt 0:00:03]} 11. O-O {[%emt 0:00:04]} Bd7
{[%emt 0:00:08]} 12. Be3 {[%emt 0:00:02]} b6 {[%emt 0:00:06]} 13. Bxc5 {[%emt
0:00:02]} bxc5 {[%emt 0:00:02]} 14. b4 {[%emt 0:00:12]} axb3 {[%emt 0:00:05]}
15. Qxb3 {[%emt 0:00:03]} Nh5 {[%emt 0:00:08]} 16. Rfb1 {[%emt 0:00:17]} Nf4 {
[%emt 0:00:24]} 17. Bf1 {[%emt 0:00:13]} f5 {[%emt 0:00:19]} 18. a4 {[%emt 0:
00:11]} Bh6 {[%emt 0:00:20]} 19. a5 {[%emt 0:00:08]} fxe4 {[%emt 0:00:18]} 20.
Nxe4 {[%emt 0:00:03]} Bf5 {[%emt 0:00:01]} 21. Re1 {[%emt 0:00:34]} Qb8 {[%emt
0:00:16]} 22. Qb5 {[%emt 0:00:13]} Qa7 {[%emt 0:00:21]} 23. g3 {[%emt 0:00:46]}
Nh3+ {[%emt 0:00:23]} 24. Kg2 {[%emt 0:00:07]} Bxe4 {[%emt 0:00:23]} 25. Rxe4 {
[%emt 0:00:03]} Rxf3 {[%emt 0:00:03]} 26. Kxf3 {[%emt 0:00:11]} Ng5+ {[%emt 0:
00:06]} 27. Ke3 {[%emt 0:00:04]} Rb8 {[%emt 0:00:15]} 28. Qd7 {[%emt 0:00:08]}
Qb7 {[%emt 0:00:54]} 29. Bd3 {[%emt 0:00:16]} Qb2 {[%emt 0:00:28]} 30. f4 {
[%emt 0:00:45] .} Nxe4 {[%emt 0:00:30]} 31. Bxe4 {[%emt 0:00:23]} exf4+ {[%emt
0:00:03]} 32. gxf4 {[%emt 0:00:04]} Qxa1 {[%emt 0:00:01]} 33. Qe6+ {[%emt 0:00:
05]} Kh8 {[%emt 0:00:02]} 34. Bd3 {[%emt 0:00:09]} Qd4+ {[%emt 0:00:01]} 35.
Ke2 {[%emt 0:00:12]} Rb2+ {[%emt 0:00:03]} 36. Kf3 {[%emt 0:00:15]} Qxf4# {
[%emt 0:00:02]} 0-1

[Event "T-Director's Swiss sytem"]
[Site "playchess.com #662980"]
[Date "2014.03.16"]
[Round "9"]
[White "Nbm02"]
[Black "Noelfumey"]
[Result "1-0"]
[WhiteElo "1539"]
[BlackElo "1508"]
[PlyCount "93"]
[EventDate "2014.03.16"]
[EventType "swiss (blitz)"]

1. d4 {[%emt 0:00:02]} Nf6 {[%emt 0:00:02]} 2. c4 {[%emt 0:00:01]} e5 {[%emt 0:
00:01]} 3. d5 {[%emt 0:00:02]} Bb4+ {[%emt 0:00:05]} 4. Nc3 {[%emt 0:00:02]} d6
{[%emt 0:00:06]} 5. Nf3 {[%emt 0:00:06]} Ne4 {[%emt 0:00:05]} 6. Qa4+ {[%emt 0:
00:03]} Bd7 {[%emt 0:01:00]} 7. Qxb4 {[%emt 0:00:06]} O-O {[%emt 0:00:02]} 8.
Nxe4 {[%emt 0:00:02]} a5 {[%emt 0:00:07]} 9. Qc3 {[%emt 0:00:04]} f5 {[%emt 0:
00:05]} 10. Ng3 {[%emt 0:00:08]} Na6 {[%emt 0:00:14]} 11. a3 {[%emt 0:00:04]}
Nc5 {[%emt 0:00:03]} 12. Bd2 {[%emt 0:00:06]} b6 {[%emt 0:00:05]} 13. e3 {
[%emt 0:00:08]} f4 {[%emt 0:00:08]} 14. Ne2 {[%emt 0:00:06]} e4 {[%emt 0:00:17]
} 15. Nfd4 {[%emt 0:00:11]} Nd3+ {[%emt 0:00:14]} 16. Qxd3 {[%emt 0:00:10]}
exd3 {[%emt 0:00:02]} 17. Nxf4 {[%emt 0:00:02]} Qe8 {[%emt 0:00:31]} 18. Nfe6 {
[%emt 0:00:08]} Rf6 {[%emt 0:00:11]} 19. Bxd3 {[%emt 0:00:04]} Bxe6 {[%emt 0:
00:04]} 20. Nxe6 {[%emt 0:00:03]} Qa4 {[%emt 0:00:07]} 21. Bc3 {[%emt 0:00:09]}
c6 {[%emt 0:00:16]} 22. Bxf6 {[%emt 0:00:18]} gxf6 {[%emt 0:00:05]} 23. dxc6 {
[%emt 0:00:05]} Qxc6 {[%emt 0:00:05]} 24. Nd4 {[%emt 0:00:03]} Qxg2 {[%emt 0:
00:04]} 25. Ke2 {[%emt 0:00:06]} Qg4+ {[%emt 0:00:05]} 26. Nf3 {[%emt 0:00:05]}
Kh8 {[%emt 0:00:07]} 27. Rhg1 {[%emt 0:00:06]} Qh5 {[%emt 0:00:02]} 28. Rg3 {
[%emt 0:00:05]} Re8 {[%emt 0:00:04]} 29. Rag1 {[%emt 0:00:03]} Qc5 {[%emt 0:00:
20]} 30. Rg7 {[%emt 0:00:07]} Qh5 {[%emt 0:00:40]} 31. Be4 {[%emt 0:00:20]} Qh6
{[%emt 0:00:16]} 32. Rxh7+ {[%emt 0:00:18]} Qxh7 {[%emt 0:00:07]} 33. Bxh7 {
[%emt 0:00:02]} Kxh7 {[%emt 0:00:01]} 34. Nd4 {[%emt 0:00:03]} Rc8 {[%emt 0:00:
04]} 35. b3 {[%emt 0:00:03]} Rc5 {[%emt 0:00:02]} 36. Rg4 {[%emt 0:00:06]} Rh5
{[%emt 0:00:02]} 37. h4 {[%emt 0:00:02]} Kh6 {[%emt 0:00:08]} 38. e4 {[%emt 0:
00:05]} Kh7 {[%emt 0:00:03]} 39. Nf5 {[%emt 0:00:02]} d5 {[%emt 0:00:13]} 40.
cxd5 {[%emt 0:00:02]} Rxf5 {[%emt 0:00:01]} 41. exf5 {[%emt 0:00:02]} Kh6 {
[%emt 0:00:00]} 42. Rg6+ {[%emt 0:00:02]} Kh5 {[%emt 0:00:00]} 43. Rxf6 {[%emt
0:00:01]} Kxh4 {[%emt 0:00:01]} 44. Kf3 {[%emt 0:00:03]} Kh5 {[%emt 0:00:02]}
45. Kf4 {[%emt 0:00:02]} b5 {[%emt 0:00:04]} 46. b4 {[%emt 0:00:05]} axb4 {
[%emt 0:00:02]} 47. axb4 {[%emt 0:00:02] Noelfumey abandonne} 1-0

[Event "T-Director's Swiss sytem"]
[Site "playchess.com #662980"]
[Date "2014.03.16"]
[Round "5"]
[White "Nbm02"]
[Black "Rkem71"]
[Result "0-1"]
[WhiteElo "1610"]
[BlackElo "1471"]
[PlyCount "96"]
[EventDate "2014.03.16"]
[EventType "swiss (blitz)"]

1. d4 {[%emt 0:00:02]} Nf6 {[%emt 0:00:03]} 2. Nf3 {[%emt 0:00:02]} g6 {[%emt
0:00:01]} 3. c4 {[%emt 0:00:01]} Bg7 {[%emt 0:00:01]} 4. Nc3 {[%emt 0:00:01]}
O-O {[%emt 0:00:01]} 5. e4 {[%emt 0:00:02]} d6 {[%emt 0:00:01]} 6. Be2 {[%emt
0:00:04]} Nbd7 {[%emt 0:00:01]} 7. O-O {[%emt 0:00:02]} e5 {[%emt 0:00:01]} 8.
d5 {[%emt 0:00:02]} Nc5 {[%emt 0:00:03]} 9. Qc2 {[%emt 0:00:02]} a5 {[%emt 0:
00:02]} 10. Be3 {[%emt 0:00:09]} b6 {[%emt 0:00:02]} 11. a3 {[%emt 0:00:02]}
Nh5 {[%emt 0:00:03]} 12. b4 {[%emt 0:00:05]} axb4 {[%emt 0:00:19]} 13. axb4 {
[%emt 0:00:04]} Na6 {[%emt 0:00:01]} 14. Bg5 {[%emt 0:00:14]} f6 {[%emt 0:00:
06]} 15. Be3 {[%emt 0:00:22]} Nxb4 {[%emt 0:00:04]} 16. Qb3 {[%emt 0:00:04]}
Na6 {[%emt 0:00:18]} 17. Nd2 {[%emt 0:00:11]} Nc5 {[%emt 0:00:03]} 18. Bxc5 {
[%emt 0:00:05]} Rxa1 {[%emt 0:00:04]} 19. Rxa1 {[%emt 0:00:05]} bxc5 {[%emt 0:
00:10]} 20. Bxh5 {[%emt 0:00:05]} gxh5 {[%emt 0:00:03]} 21. Nb5 {[%emt 0:00:04]
} f5 {[%emt 0:00:03]} 22. Ra7 {[%emt 0:00:10]} Rf7 {[%emt 0:00:06]} 23. Ra8 {
[%emt 0:00:14]} Qd7 {[%emt 0:00:43]} 24. Na7 {[%emt 0:00:04]} Rf8 {[%emt 0:00:
03]} 25. Qb5 {[%emt 0:01:00]} Qxb5 {[%emt 0:00:17]} 26. Nxb5 {[%emt 0:00:04]}
fxe4 {[%emt 0:00:04]} 27. Nxe4 {[%emt 0:00:04]} Bf5 {[%emt 0:00:03]} 28. Ng3 {
[%emt 0:00:24]} Bd3 {[%emt 0:00:05]} 29. Rxf8+ {[%emt 0:00:05]} Bxf8 {[%emt 0:
00:09]} 30. Na3 {[%emt 0:00:17]} Bh6 {[%emt 0:00:20]} 31. Nxh5 {[%emt 0:00:21]}
Bc1 {[%emt 0:00:02]} 32. Nb5 {[%emt 0:00:04]} Bxc4 {[%emt 0:00:02]} 33. Nxc7 {
[%emt 0:00:02]} Bd3 {[%emt 0:00:06]} 34. Ne8 {[%emt 0:00:13]} Bg6 {[%emt 0:00:
14]} 35. Nhf6+ {[%emt 0:00:05]} Kf7 {[%emt 0:00:09]} 36. h4 {[%emt 0:00:18]}
Ke7 {[%emt 0:00:30]} 37. g4 {[%emt 0:00:31]} Bxe8 {[%emt 0:00:12]} 38. Ne4 {
[%emt 0:00:10]} Bg6 {[%emt 0:00:10]} 39. Nc3 {[%emt 0:00:07]} Bd2 {[%emt 0:00:
09]} 40. Na2 {[%emt 0:00:10]} c4 {[%emt 0:00:10]} 41. Kf1 {[%emt 0:00:04]} Bd3+
{[%emt 0:00:04]} 42. Kg2 {[%emt 0:00:02]} Bb1 {[%emt 0:00:02]} 43. Nc3 {[%emt
0:00:07]} Bxc3 {[%emt 0:00:03]} 44. f4 {[%emt 0:00:02]} exf4 {[%emt 0:00:02]}
45. Kf3 {[%emt 0:00:01]} Bd2 {[%emt 0:00:01]} 46. Ke2 {[%emt 0:00:02]} c3 {
[%emt 0:00:02]} 47. Kd1 {[%emt 0:00:02]} Be3 {[%emt 0:00:03]} 48. Ke2 {[%emt 0:
00:01]} c2 {[%emt 0:00:01] Temps} 0-1

[Event "T-Director's Swiss sytem"]
[Site "playchess.com #662980"]
[Date "2014.03.16"]
[Round "6"]
[White "Noelfumey"]
[Black "Behraouid"]
[Result "1-0"]
[WhiteElo "1488"]
[BlackElo "1453"]
[PlyCount "71"]
[EventDate "2014.03.16"]
[EventType "swiss (blitz)"]

1. e4 {[%emt 0:00:05]} e5 {[%emt 0:00:29]} 2. f4 {[%emt 0:00:15]} d6 {[%emt 0:
00:04]} 3. Nf3 {[%emt 0:00:01]} Nd7 {[%emt 0:00:01]} 4. Bc4 {[%emt 0:00:01]} h6
{[%emt 0:00:01]} 5. O-O {[%emt 0:00:05]} Ngf6 {[%emt 0:00:02]} 6. d4 {[%emt 0:
00:09]} exd4 {[%emt 0:00:02]} 7. Qxd4 {[%emt 0:00:06]} Be7 {[%emt 0:00:02]} 8.
e5 {[%emt 0:00:03]} dxe5 {[%emt 0:00:02]} 9. fxe5 {[%emt 0:00:04]} Bc5 {[%emt
0:00:02]} 10. exf6 {[%emt 0:00:18]} Bxd4+ {[%emt 0:00:03]} 11. Kh1 {[%emt 0:00:
02]} Nxf6 {[%emt 0:00:03]} 12. Rd1 {[%emt 0:00:10]} c5 {[%emt 0:00:12]} 13. c3
{[%emt 0:00:03]} O-O {[%emt 0:00:10]} 14. cxd4 {[%emt 0:00:01]} cxd4 {[%emt 0:
00:02]} 15. Nxd4 {[%emt 0:00:13]} Ng4 {[%emt 0:00:06]} 16. Rd2 {[%emt 0:00:08]}
Qf6 {[%emt 0:00:11]} 17. Nf3 {[%emt 0:00:07]} Qg5 {[%emt 0:00:06]} 18. Nc3 {
[%emt 0:00:10]} Qf4 {[%emt 0:00:14]} 19. Bb3 {[%emt 0:00:21]} Be6 {[%emt 0:00:
10]} 20. Bc2 {[%emt 0:00:13]} Rad8 {[%emt 0:00:04]} 21. Rxd8 {[%emt 0:00:05]}
Nf2+ {[%emt 0:00:13]} 22. Kg1 {[%emt 0:00:04]} Nh3+ {[%emt 0:00:06]} 23. Kh1 {
[%emt 0:00:10]} Qf6 {[%emt 0:00:12]} 24. Rxf8+ {[%emt 0:00:13]} Kxf8 {[%emt 0:
00:02]} 25. Ne4 {[%emt 0:00:01]} Qf5 {[%emt 0:00:08]} 26. Nd4 {[%emt 0:00:09]}
Qd5 {[%emt 0:00:14]} 27. Nxe6+ {[%emt 0:00:14]} Qxe6 {[%emt 0:00:08]} 28. gxh3
{[%emt 0:00:10]} Qf5 {[%emt 0:00:02]} 29. Bd2 {[%emt 0:00:58]} Qg4 {[%emt 0:00:
00]} 30. Bb4+ {[%emt 0:00:18]} Kg8 {[%emt 0:00:05]} 31. Rg1 {[%emt 0:00:09]}
Qf3+ {[%emt 0:00:03]} 32. Rg2 {[%emt 0:00:05]} f5 {[%emt 0:00:08]} 33. Bb3+ {
[%emt 0:00:11]} Kh7 {[%emt 0:00:02]} 34. Ng3 {[%emt 0:00:05]} f4 {[%emt 0:00:
08]} 35. Nf5 {[%emt 0:00:09]} Qf2 {[%emt 0:00:07]} 36. Rxf2 {[%emt 0:00:03]
Behraouid abandonne} 1-0

[Event "T-Director's Swiss sytem"]
[Site "playchess.com #662980"]
[Date "2014.03.16"]
[Round "2"]
[White "Noelfumey"]
[Black "KARIM2007"]
[Result "0-1"]
[WhiteElo "1487"]
[BlackElo "2016"]
[PlyCount "104"]
[EventDate "2014.03.16"]
[EventType "swiss (blitz)"]

1. e4 {[%emt 0:00:05]} Nf6 {[%emt 0:00:02]} 2. e5 {[%emt 0:00:03]} Nd5 {[%emt
0:00:01]} 3. d4 {[%emt 0:00:01]} d6 {[%emt 0:00:01]} 4. c4 {[%emt 0:00:04]} Nb6
{[%emt 0:00:01]} 5. exd6 {[%emt 0:00:07]} exd6 {[%emt 0:00:01]} 6. Nf3 {[%emt
0:00:02]} Bg4 {[%emt 0:00:03]} 7. Be2 {[%emt 0:00:03]} Be7 {[%emt 0:00:01]} 8.
b3 {[%emt 0:00:05]} O-O {[%emt 0:00:01]} 9. O-O {[%emt 0:00:01]} Bf6 {[%emt 0:
00:01]} 10. Be3 {[%emt 0:00:06]} Nc6 {[%emt 0:00:07]} 11. Na3 {[%emt 0:00:11]}
Re8 {[%emt 0:00:03]} 12. Nc2 {[%emt 0:00:11]} d5 {[%emt 0:00:03]} 13. c5 {
[%emt 0:00:07]} Nd7 {[%emt 0:00:03]} 14. a3 {[%emt 0:00:10]} Ne7 {[%emt 0:00:
05]} 15. h3 {[%emt 0:00:09]} Be6 {[%emt 0:00:12]} 16. Bd3 {[%emt 0:00:09]} Nf5
{[%emt 0:00:05]} 17. Bf4 {[%emt 0:00:08]} c6 {[%emt 0:00:13]} 18. Re1 {[%emt 0:
00:02]} h6 {[%emt 0:00:10]} 19. Qd2 {[%emt 0:00:03]} Rc8 {[%emt 0:00:55]} 20.
Re2 {[%emt 0:00:10]} b5 {[%emt 0:00:22]} 21. Rae1 {[%emt 0:00:04]} Nh4 {[%emt
0:00:29]} 22. Nxh4 {[%emt 0:00:28]} Bxh4 {[%emt 0:00:03]} 23. Bf5 {[%emt 0:00:
01]} Nf8 {[%emt 0:00:07]} 24. Bxh6 {[%emt 0:00:28]} gxh6 {[%emt 0:00:04]} 25.
Qxh6 {[%emt 0:00:02]} Qg5 {[%emt 0:00:06]} 26. Qxg5+ {[%emt 0:00:22]} Bxg5 {
[%emt 0:00:01]} 27. Nb4 {[%emt 0:00:07]} a5 {[%emt 0:00:21]} 28. Nxc6 {[%emt 0:
00:04]} Rxc6 {[%emt 0:00:04]} 29. Bd3 {[%emt 0:00:16]} Rb8 {[%emt 0:00:04]} 30.
Kh2 {[%emt 0:00:14]} Bf6 {[%emt 0:00:02]} 31. f4 {[%emt 0:00:12]} Bxd4 {[%emt
0:00:01]} 32. b4 {[%emt 0:00:02]} axb4 {[%emt 0:00:03]} 33. axb4 {[%emt 0:00:
05]} Bc3 {[%emt 0:00:03]} 34. Rb1 {[%emt 0:00:02]} d4 {[%emt 0:00:08]} 35. h4 {
[%emt 0:00:09]} Bc4 {[%emt 0:00:13]} 36. Bxc4 {[%emt 0:00:08]} bxc4 {[%emt 0:
00:01]} 37. Re5 {[%emt 0:00:01]} Ne6 {[%emt 0:00:08]} 38. Rd5 {[%emt 0:00:52]}
Rxb4 {[%emt 0:00:03]} 39. Rf1 {[%emt 0:00:10]} Rxc5 {[%emt 0:00:02]} 40. Rd7 {
[%emt 0:00:05]} Rc7 {[%emt 0:00:01]} 41. Rd5 {[%emt 0:00:03]} Rc5 {[%emt 0:00:
05]} 42. Rd7 {[%emt 0:00:01]} Rf5 {[%emt 0:00:06]} 43. g3 {[%emt 0:00:12]} d3 {
[%emt 0:00:01]} 44. Kh3 {[%emt 0:00:08]} Bd2 {[%emt 0:00:02]} 45. Kg4 {[%emt 0:
00:02]} Rf6 {[%emt 0:00:02]} 46. f5 {[%emt 0:00:05]} Nc5 {[%emt 0:00:02]} 47.
Rd8+ {[%emt 0:00:06]} Kg7 {[%emt 0:00:01]} 48. Kh5 {[%emt 0:00:04]} Ne4 {[%emt
0:00:08] '} 49. Kg4 {[%emt 0:00:04]} c3 {[%emt 0:00:01]} 50. Kf3 {[%emt 0:00:
02]} Rxf5+ {[%emt 0:00:02]} 51. Kg2 {[%emt 0:00:04]} Rxf1 {[%emt 0:00:01]} 52.
Kxf1 {[%emt 0:00:01]} Nxg3+ {[%emt 0:00:01] Temps} 0-1

[Event "T-Director's Swiss sytem"]
[Site "playchess.com #662980"]
[Date "2014.03.16"]
[Round "5"]
[White "Noelfumey"]
[Black "TapaniS"]
[Result "0-1"]
[WhiteElo "1491"]
[BlackElo "1889"]
[PlyCount "108"]
[EventDate "2014.03.16"]
[EventType "swiss (blitz)"]

1. e4 {[%emt 0:00:05]} d5 {[%emt 0:00:02]} 2. exd5 {[%emt 0:00:01]} Nf6 {[%emt
0:00:02]} 3. Nf3 {[%emt 0:00:00]} Nxd5 {[%emt 0:00:02]} 4. d4 {[%emt 0:00:03]}
Bg4 {[%emt 0:00:04]} 5. Be2 {[%emt 0:00:01]} e6 {[%emt 0:00:01]} 6. O-O {[%emt
0:00:01]} Bd6 {[%emt 0:00:02]} 7. h3 {[%emt 0:00:02]} Bh5 {[%emt 0:00:02]} 8.
c4 {[%emt 0:00:01]} Nf4 {[%emt 0:00:01]} 9. Bxf4 {[%emt 0:00:17]} Bxf4 {[%emt
0:00:02]} 10. Nc3 {[%emt 0:00:02]} O-O {[%emt 0:00:02]} 11. g4 {[%emt 0:00:26]}
Bg6 {[%emt 0:00:05]} 12. Kg2 {[%emt 0:00:10]} c6 {[%emt 0:00:03]} 13. Bd3 {
[%emt 0:00:07]} Bxd3 {[%emt 0:00:15]} 14. Qxd3 {[%emt 0:00:02]} Nd7 {[%emt 0:
00:02]} 15. Qe4 {[%emt 0:00:04]} Bc7 {[%emt 0:00:13]} 16. c5 {[%emt 0:00:07]}
Qf6 {[%emt 0:00:07]} 17. Rad1 {[%emt 0:00:11]} h6 {[%emt 0:00:03]} 18. Ne2 {
[%emt 0:00:14]} Rad8 {[%emt 0:00:07]} 19. Rd3 {[%emt 0:00:05]} Qe7 {[%emt 0:00:
06]} 20. Rfd1 {[%emt 0:00:08]} Nf6 {[%emt 0:00:02]} 21. Qe3 {[%emt 0:00:04]}
Nd5 {[%emt 0:00:01]} 22. Qd2 {[%emt 0:00:11]} Qf6 {[%emt 0:00:07]} 23. Ng3 {
[%emt 0:00:08]} Nf4+ {[%emt 0:00:05]} 24. Kf1 {[%emt 0:00:06]} Nxd3 {[%emt 0:
00:03]} 25. Qxd3 {[%emt 0:00:06]} Bxg3 {[%emt 0:00:05]} 26. fxg3 {[%emt 0:00:
02]} Rd5 {[%emt 0:00:04]} 27. Kg2 {[%emt 0:00:02]} Rfd8 {[%emt 0:00:02]} 28.
Qe4 {[%emt 0:00:07]} Rxc5 {[%emt 0:00:12]} 29. h4 {[%emt 0:00:20]} Rcd5 {[%emt
0:00:23]} 30. g5 {[%emt 0:00:16]} hxg5 {[%emt 0:00:03]} 31. hxg5 {[%emt 0:00:
03]} Qf5 {[%emt 0:00:02]} 32. Qh4 {[%emt 0:00:12]} Qc2+ {[%emt 0:00:13]} 33.
Rd2 {[%emt 0:00:02]} Qh7 {[%emt 0:00:03]} 34. Qg4 {[%emt 0:00:09]} Qf5 {[%emt
0:00:02]} 35. Qh4 {[%emt 0:00:01]} c5 {[%emt 0:00:06]} 36. Rf2 {[%emt 0:00:03]}
cxd4 {[%emt 0:00:56]} 37. g6 {[%emt 0:00:37]} Qxg6 {[%emt 0:00:06]} 38. Ne5 {
[%emt 0:00:03]} Rxe5 {[%emt 0:00:37]} 39. Qxd8+ {[%emt 0:00:04]} Kh7 {[%emt 0:
00:02]} 40. Qh4+ {[%emt 0:00:08]} Rh5 {[%emt 0:00:33]} 41. Qxd4 {[%emt 0:00:03]
} e5 {[%emt 0:00:07]} 42. Qxa7 {[%emt 0:00:04]} Qe4+ {[%emt 0:00:02]} 43. Rf3 {
[%emt 0:00:13]} g5 {[%emt 0:00:23]} 44. Qe3 {[%emt 0:00:46]} Qd5 {[%emt 0:00:
01]} 45. Qd3+ {[%emt 0:00:05]} Qxd3 {[%emt 0:00:07]} 46. Rxd3 {[%emt 0:00:01]}
Kg6 {[%emt 0:00:10]} 47. Rd7 {[%emt 0:00:01]} b5 {[%emt 0:00:02]} 48. Rb7 {
[%emt 0:00:02]} e4 {[%emt 0:00:02]} 49. Rxb5 {[%emt 0:00:02]} Rh8 {[%emt 0:00:
02]} 50. Re5 {[%emt 0:00:02]} f5 {[%emt 0:00:02]} 51. b4 {[%emt 0:00:05]} Rd8 {
[%emt 0:00:04]} 52. b5 {[%emt 0:00:04]} Rd2+ {[%emt 0:00:01]} 53. Kh3 {[%emt 0:
00:05]} g4+ {[%emt 0:00:03]} 54. Kh4 {[%emt 0:00:07]} Rh2# {[%emt 0:00:01]} 0-1